000 02002cam a22003975i 4500
999 _c27613
_d27584
001 018864526
003 EG-ScBUE
005 20190911112942.0
008 180501t2018 enk f b 000 0 eng d
020 _z9781912453139 (pbk.)
040 _aStDuBDS
_beng
_erda
_cStDuBDS
_dUk
_dEG-ScBUE
082 0 4 _a808.1
_bHAY
_222
100 1 _aHaydon, Liam,
_eauthor.
245 1 0 _aSir Philip Sidney's the defence of poesy /
_cLiam Haydon.
246 3 3 _aAnalysis of Sir Philip Sidney's the defence of poesy
246 3 _aSir Philip Sidney's the defense of poesy
264 1 _aLondon :
_bMacat International,
_c[2018]
264 4 _cc2018
264 2 _aAbingdon ;
_aNew York :
_bDistributed by Routledge / Taylor & Francis Group
300 _a78 pages ;
_c22 cm.
336 _atext
_2rdacontent
337 _acomputer
_2rdamedia
338 _aonline resource
_2rdacarrier
490 0 _aMacat library
504 _aIncludes bibliographical references.
520 _a"The Defence of Poesy is the first major piece of literary criticism in English. Taking aim at classical authors who disparaged poetry, and contemporary critics who saw literature as a corrupting influence, Sidney foregrounds the moral force of poetry. Sidney considers the real life affects of poetry upon the reader arguing that the stories instill virtues like courage in the reader. He combines this moral argument with a discussion of the technical features like genre, metre and rhyme. The Defence of Poesy thus began a long tradition of poets writing about poetry and is a touchstone for modern poetic criticism."--Provided by publisher.
600 1 7 _aSidney, Philip,
_d1554-1586.
_tApologie for poetrie.
_2BUEsh
650 7 _aLiterature.
_2BUEsh
_918876
650 7 _aLiterature
_xPhilosophy.
_2BUEsh
_924262
650 7 _aCritical theory.
_2BUEsh
650 7 _aPoetry
_vEarly works to 1800
_2BUEsh
653 _bHHUUEENN
_cSeptember2019
655 _vReading book
776 0 8 _iPrint version :
_z9781912453580
942 _2ddc
_cBB